|
|
|
|
| LEADER |
00687nam a2200193Ia 4500 |
| 001 |
CTU_186652 |
| 008 |
210402s9999 xx 000 0 und d |
| 020 |
|
|
|c 26000
|
| 082 |
|
|
|a 628.0285
|
| 082 |
|
|
|b T406
|
| 100 |
|
|
|a Phạm, Văn Toàn
|
| 245 |
|
0 |
|a Giáo trình AutoCad - kỹ thuật môi trường
|
| 245 |
|
0 |
|c Phạm Văn Toàn, Nguyễn Văn Tuyến
|
| 260 |
|
|
|a Cần Thơ
|
| 260 |
|
|
|b Nxb. Đại học Cần Thơ
|
| 260 |
|
|
|c 2013
|
| 650 |
|
|
|a Kỹ thuật môi trường,Phần mềm máy tính,Environmental engineering,AutoCad (computer software)
|
| 904 |
|
|
|i Nhựt
|
| 980 |
|
|
|a Trung tâm Học liệu Trường Đại học Cần Thơ
|